000 01066nam a22002657a 4500
003 PE SENCICO BE
005 20251020182706.0
008 240226b |||||||| |||| 00| 0 eng d
040 _aPE SENCICO BE
_cPE SENCICO BE
041 _aspa
084 _aI
_aDIS
_a2012
_bF81
100 1 _91987
_aFranco Moreno, Alicia Isabel
_eautor
245 1 _aAcabados decorativos en la industria gráfica /
_cAlicia Isabel Franco Moreno
260 _aLima :
_c2012
300 _a[40] h. :
_bil. col., plans.;
_c30 x 40 cm.
500 _aEl presente texto contiene planos.
502 _aMonografía de Titulación.-- Servicio Nacional de Capacitación para la Industria de la Construcción. Escuela Superior Técnica. Carrera Profesional Técnica en Diseño de Interiores, 2012
650 1 0 _944
_aDiseño de interiores
650 2 0 _9846
_aAcabados
650 2 0 _9195
_aArtes gráficas
650 2 0 _9615
_aPlanos
710 1 _aServicio Nacional de Capacitación para la Industria de la Construcción.
_bEscuela Superior Técnica
_91065
910 _bhfp
_chfp
942 _cMON
999 _c4965
_d4965